Aktuálne udalosti zo svetového hospodárstva a ich vplyv na expanziu podniku diplomová práca

Salvato in:
Dettagli Bibliografici
Autore principale: Naďová, Ingrid
Ente Autore: Fakulta podnikového manažmentu EU. Katedra manažmentu
Altri autori: Procházková, Katarína, 1983-
Natura: Libro
Lingua:slovacco
Pubblicazione: Bratislava 2022
Tags: Aggiungi Tag
Nessun Tag, puoi essere il primo ad aggiungerne!!

MARC

LEADER 00000nbm a2200000 4500
001 0285313
005 20230323100713.4
041 0 |a slo 
044 |a SK 
245 1 0 |a Aktuálne udalosti zo svetového hospodárstva a ich vplyv na expanziu podniku  |b diplomová práca  |c Ingrid Naďová ; školiteľ: Katarína Procházková 
264 1 |a Bratislava  |c 2022 
300 |a 93 s. 
100 1 |a Naďová, Ingrid 
700 1 |a Procházková, Katarína, 1983- 
710 2 |a Fakulta podnikového manažmentu EU. Katedra manažmentu